Na margo aktualizácie

Bibliographic Details
Main Author: Vajda, Igor, 1935-2001 (Author)
Format: Article
Language:Slovak

MARC

LEADER 00000nab a2200000uu 4500
001 vtls010884446
003 SK-MaSNL
005 20260426034405.0
008 230222|1964 xo |||||||||||||||||slo|
015 |a SNBRB 
035 |a (urnnbn)urn:nbn:sk:snk:ar-002aq7 
035 |a (uuid)7a583051-17ab-48db-99c9-ef6765137a49 
035 |a urn:nbn:sk:snk-ab8fqd 
040 |a SNKBUCL  |b slo  |c SNKBUCL  |e AACR2 
041 0 |a slo 
044 |a xo  |c SK 
100 |a Vajda, Igor,  |d 1935-2001  |4 aut  |9 461792 
245 1 0 |a Na margo aktualizácie  |c Igor Vajda 
773 0 |t Slovenská hudba : revue pre hudobnú kultúru  |g Roč. 8, č. 9 (1964), s. 285-286 
954 |a odborná, vedecká literatúra pôvodná (slovenská)  |2 lita 
958 |a OND 
958 |a EUIPO 
958 |a article10 
999 |c 2000600  |d 2002530